Statistical methods in education and psychology (Record no. 1365473)

MARC details
000 -LEADER
fixed length control field 00737nam a2200229Ia 4500
005 - DATE AND TIME OF LATEST TRANSACTION
control field 20250508160603.0
008 - FIXED-LENGTH DATA ELEMENTS--GENERAL INFORMATION
fixed length control field 008 250505s9999 xx 000 0 eng d
020 ## - INTERNATIONAL STANDARD BOOK NUMBER
International Standard Book Number 13 844928 7
037 ## - SOURCE OF ACQUISITION
Stock number Textual
040 ## - CATALOGING SOURCE
Original cataloging agency FEDL
Language of cataloging eng
Transcribing agency FEDL
041 ## - LANGUAGE CODE
Language code of text/sound track or separate title eng
Source of code eng
084 ## - COLON CLASSIFICATION NUMBER
Classification number 001.422, GLA
Assigning agency FEDL
100 ## - MAIN ENTRY--PERSONAL NAME
Personal name Glass Gene V
9 (RLIN) 465554
245 #0 - TITLE STATEMENT
Title Statistical methods in education and psychology
260 ## - PUBLICATION, DISTRIBUTION, ETC.
Place of publication, distribution, etc. Englewood Cliffs, New Jersey, USA
Name of publisher, distributor, etc. Prentice - Hall
Date of publication, distribution, etc. 1970
300 ## - PHYSICAL DESCRIPTION
Extent xii,596p.
490 ## - SERIES STATEMENT
Series statement Prentice-Hall Series in Educational Measurement, Research, and Statistics
650 ## - SUBJECT ADDED ENTRY--TOPICAL TERM
Topical term or geographic name entry element Statistical Methods
700 ## - ADDED ENTRY--PERSONAL NAME
Personal name Stanley Julian C
9 (RLIN) 768850
942 ## - ADDED ENTRY ELEMENTS (KOHA)
Koha item type Textual
Classification part 001.422, GLA
Holdings
Withdrawn status Lost status Damaged status Not for loan Home library Current library Date acquired Total Checkouts Full call number Barcode Date last seen Price effective from Koha item type
        Department of Education Library Department of Education Library 2025-05-08   001.422, GLA EL0052018 2025-05-08 2025-05-08 Textual
Copyright @ Delhi University Library System